Winding around : the winding number in topology, geometry, and analysis

Αποθηκεύτηκε σε:
Λεπτομέρειες βιβλιογραφικής εγγραφής
Κύριος συγγραφέας: Roe, John 1959-
Μορφή: Βιβλίο
Γλώσσα:English
Δημοσίευση: Providence, Rhode Island : American Mathematical Society, c2015.
Σειρά:Student mathematical library ; 76
Θέματα:
Ετικέτες: Προσθήκη ετικέτας
Δεν υπάρχουν, Καταχωρήστε ετικέτα πρώτοι!

MARC

LEADER 00000nam a2200000 a 4500
001 1/111198
008 160629t2015####riu| ||| |||| ||eng||
020 |a 9781470421984  
040 |a GR-MyUa  |b gre  |c GR-MyUa  |e AACR2 
041 0 |a eng 
082 7 |a 515   |2 (23)  
100 1 |a Roe, John  |d 1959- 
245 1 0 |a Winding around :   |b the winding number in topology, geometry, and analysis /   |c John Roe.  
260 |a Providence, Rhode Island :   |b American Mathematical Society,   |c c2015.  
300 |a xiii, 269 σ. :   |b σχέδια ;   |c 22 εκ. 
490 1 |a (Student mathematical library ;   |v 76) 
504 |a Βιβλιογραφία: σ. 261-263. Ευρετήριο.  
650 0 |a Mathematical analysis  |x Foundations. 
650 0 |a Associative law (Mathematics) 
650 0 |a Symmetric functions. 
650 0 |a Commutative law (Mathematics) 
650 0 |a Algebraic topology. 
830 0 |a Student mathematical library ;  |v  76 
852 |a INST  |b SAMOS  |e 20160629  |h 515 ROE  |p 005300043661  |q 005300043661  |t BK  |y 0 
922 |a 3ΕΛΗ  |b 201606  |c Τμήμα Μαθηματικών  |d Διαδρομές 
970 |a Κοσιέρης  |b Χρήστος  |z 29-06-2016